000 00782nam a22001937a 4500
999 _c371572
_d371572
008 201127b ||||| |||| 00| 0 eng d
040 _aDE-2950
_bger
_cDE-2950
_erda
041 _ager
245 _aPlatz für über 1 000 Menschen.
_bUkraine: Die ZABH hat die Oderlandkaserne wieder aktiviert, das IB beherbergt Geflüchtete. Auch vom Ramada-Hotel und dem Karl-Ritter-Platz ist wieder die Rede/
_cLisa Mahlke
264 _c2022
653 _aFrankfurt (Oder)
653 _aUkraine-Krieg
653 _aUnterbringung von Geflüchteten
773 _dFrankfurt (Oder) Märkisches Verlags- und Druckhaus GmbH & Co KG
_tMärkische Oderzeitung
_g33. Jahrgang (2022) Nr. 82 vom 07.04.2022, S. 13
942 _cA